| 000 | 02010 a2200385 4500 | ||
|---|---|---|---|
| 001 | 200000130 | ||
| 999 |
_c200000130 _d42779 |
||
| 003 | TR-AnTOB | ||
| 005 | 20230818151833.0 | ||
| 008 | 031105s2004 enk 000 0 eng d | ||
| 015 | _aGB A3-T7409 | ||
| 020 | _a058277327X (Course book) | ||
| 020 | _a0582773326 (Teacher's resource book) | ||
| 020 | _a058277330X (Practice file) | ||
| 020 | _a0582773261 (Test file) | ||
| 020 | _a0582773296 (Course book CD and test file) | ||
| 035 | _aBNB2767.1555 | ||
| 040 | _aOX/U-1 | ||
| 245 | 0 |
_aMarket leader. _pElementary Business English. |
|
| 300 |
_a4 v. : _bill. ; _c30 cm. + _e1 sound disc (1 hr., 5 min.) |
||
| 505 | 0 | _aCourse book / David Cotton, David Falvey, Simon Kent -- Teacher's resource book / Irene Barrall -- Practice file / John Rogers -- Test file / Christine Johnson. | |
| 852 |
_yIn place _718361697 _9N13282888 |
||
| 852 |
_yIn place _718331489 _9N13261273 |
||
| 852 |
_yIn place _718361698 _9N13282889 |
||
| 852 |
_yIn place _718352971 _9N13276430 |
||
| 852 |
_yIn place _718368212 _9N13287130 |
||
| 942 | _cBK | ||
| 041 | _atur | ||
| 264 | 1 |
_aHarlow : _bLongman, _c2004. |
|
| 650 | 0 |
_aEnglish language _xBusiness English _xStudy and teaching _xForeign speakers _967683 |
|
| 650 |
_aEnglish language _xBusiness English _vTextbooks for foreign speakers _967682 |
||
| 650 | 0 |
_aEnglish language _xStudy and teaching _xForeign speakers _977185 |
|
| 650 | 0 |
_aEnglish language _vTextbooks for foreign speakers _xTextbooks for foreign speakers _967636 |
|
| 700 | 1 |
_aCotton, David, _d1937- _967678 |
|